00575nam a2200181 a 4500001001000000003000900010005001700019007000300036008004100039020001500080040002500095082001400120100003400134245009300168260008300261300002800344500002100372000003695DO-SdBNP20220720133839.0ta090713s2005 cu a 000 0 spa d a959050406X aDO-SdBNPbspacBNPHU 4aN964t2221 aNúñez Camallea, Noel Luis10aTratamiento de imágenes /cNoel Luis Núñez Camallea, Oneida L. Hernández Guerra. aLa Habana, Cuba :bCientífico-Técnica;bInstituto Cubano del Libro,c2005. a239 p. :bil. ;c11 cm. aIncluye índice